000 00518nam a22001577a 4500
999 _c535604
_d535604
020 _qHard Cover.
082 _a307.1
100 _aMalik, Khurram Naeem
245 _aUrban terrorism in Pakistan challenges and counter strategies /
_cKhurram Naeem Malik.
260 _aIslamabad:
_bSCEE NUST,
_c2017.
300 _a78 p. :
_bill. ;
_c30cm.
942 _2ddc
_cTHE
650 _aUrban and Regional Planning MS-Thesis.
_916266
700 _aDr. Abdul Waheed
_916525